MARC

Tag First Indicator Second Indicator Subfields
LEADER 00000cam a2200000 a 4500
001 in00001197313
005 20151002072534.0
007 hd afv---baca
008 911105s1861 txu a 000 0 eng d
035 |a (OCoLC)24682322 
035 |9 AGK1385AM 
040 |a FEI  |c FEI  |d UtOrBLW 
043 |a n-us-tx  |a n-usu-- 
049 |a TXAI 
090 |a E487  |b .C66 1974 reel 143 no. 5119 
099 |a Film   |a  B 1664  |a reel 143 no. 5119. 
110 2 |a Independent Order of Odd Fellows.  |b Grand Lodge of Texas. 
245 1 0 |a Annual session. 
264 3 |a [Galveston, Tex.] :  |b [Printed by Conrad & Holland],  |c [1861] 
300 |a pages 972-1038 ;  |c 21 cm. 
336 |a text  |b txt  |2 rdacontent 
337 |a microform  |b h  |2 rdamedia 
338 |a microfilm reel  |b hd  |2 rdacarrier 
539 |a s  |b 1974  |d ctu  |e n 
500 |a "Grand Lodge Hall, Galveston City, February 4th, 1861"--page [972]. 
500 |a Caption title. 
500 |a Filmed from a photocopy supplied by Baylor University, Waco, Texas. 
533 |a Microfilm.  |b New Haven, Conn. :  |c Research Publications,  |d [1974].  |e On reel 143 of 143 microfilm reels ; 35 mm.  |f (Confederate imprints, 1861-1865 ; reel 143, no. 5119). 
500 |a Microform. 
610 2 0 |a Independent Order of Odd Fellows.  |b Grand Lodge of Texas. 
610 2 0 |a Independent Order of Odd Fellows  |z Texas. 
650 0 |a Fraternal organizations  |z Confederate States of America. 
830 0 |a Confederate imprints, 1861-1865 ;  |v reel 143 no. 5119. 
999 |a MARS 
999 f f |s 7dea2873-d3da-3a3b-b5f1-feaf4cfa8181  |i 56674f7d-7aa2-3357-9792-da6f52151152  |t 0 
952 f f |p default  |a Texas A&M University  |b College Station  |c Sterling C. Evans Library  |d Evans: Microforms (3rd floor)  |t 0  |e Film B 1664 reel 143 no. 5119.  |h Other scheme  |i microform -- microfilm reel 
998 f f |a Film B 1664 reel 143 no. 5119.  |t 0  |l Evans: Microforms (3rd floor)